[Event "RUS-chT Premier 2019"]
[Site "Sochi"]
[Date "2019.05.03"]
[Round "3.13"]
[White "Iljiushenok, Ilia"]
[Black "Vitiugov, Nikita"]
[Result "1/2-1/2"]
[WhiteElo "2534"]
[BlackElo "2734"]
[Annotator "TA"]
[PlyCount "125"]
[EventDate "2019.05.01"]
[EventType "team-tourn"]
[EventCountry "RUS"]
[SourceTitle "playchess.com"]
[Source "ChessBase"]
[SourceQuality "1"]

{[%evp 16,125,9,0,35,27,46,39,45,22,30,23,59,49,37,65,53,17,36,35,35,32,29,43,45,32,30,39,43,23,71,75,75,71,95,62,64,64,72,74,62,54,73,10,24,-82,-63,-69,-66,-75,-82,-127,-125,-131,-131,-128,-137,-137,-137,-136,-131,-132,-52,-64,-47,-76,-72,-66,-31,-31,-31,-31,-31,-31,-31,-31,-27,-31,-22,-27,-9,-9,-7,-7,-8,-8,0,0,0,-8,0,-9,0,-4,0,-9,0,0,0,-8,0,0,0,-8,0,0,0,0,0,0,0,0]} 1. e4 c6 2. d4 d5 3. Nc3 dxe4 4. Nxe4 Bf5 5. Ng3 Bg6 6. N1e2 Nf6 7. h4 h6 8. Nf4 Bh7 9. Bc4 Nbd7 {B18: Classical Caro-Kann: 4...Bf5 sidelines} (9... e6 10. c3 Nbd7 11. O-O Nb6 12. Bb3 Bd6 13. Qf3 O-O 14. Re1 Nbd5 15. Nd3 a5 16. a3 a4 17. Ba2 b5 18. Bd2 {1-0 (37) Mamedov,R (2689)-Deac,B (2572) Minsk 2017}) 10. O-O Nb6 11. Bb3 $1 a5 {White is slightly better.} 12. a3 a4 13. Ba2 Nbd5 14. c4 Nxf4 15. Bxf4 e6 16. d5 (16. Re1 {keeps more tension.} Be7 17. d5 exd5 18. cxd5 cxd5 19. Qe2) 16... cxd5 17. cxd5 Nxd5 $146 ({Predecessor:} 17... exd5) 18. Bxd5 Qxd5 19. Qxd5 exd5 20. Rac1 {Black must now prevent Rc7.} Be7 21. Rfe1 Kf8 22. h5 {[%mdl 1024] White has compensation.} Bf6 {[#]} 23. Be5 $1 Bg5 24. Rc7 Kg8 25. Rd1 Rd8 26. f4 Bh4 {Hoping for ...f6.} 27. Ne2 Bf5 28. g3 Bg4 {[%mdl 64] [#] Double Attack} 29. Re1 ({Better is} 29. Rd2 $16 Bf6 30. Bxf6 gxf6 31. Rxb7) 29... d4 {Threatens to win with ...d3.} 30. Bxd4 (30. gxh4 $11 {remains equal.} d3 31. Nc3) 30... Bxg3 $1 $17 31. Nxg3 {And now Bc3 would win.} Rxd4 32. f5 {Black should prevent Ree7.} Rd3 $36 {[%mdl 2048] Black has strong initiative.} 33. Rc3 Rxc3 34. bxc3 {[%mdl 4096] Endgame KRB-KRN} Kh7 35. Re7 Rc8 36. Rxf7 {next f6 is good for White.} Kg8 37. Rxb7 Rxc3 {[%mdl 64] Double Attack} 38. Ne4 Rb3 ({Much worse is} 38... Rxa3 $6 39. f6 $11) (38... Rc1+ $17 39. Kf2 Bxf5) 39. Ra7 $15 Bxf5 40. Ra8+ Kh7 41. Rxa4 Rh3 42. Nd6 $1 {[%cal Rd6f5]} Bc2 43. Ra5 Bd1 44. Kg2 Rd3 45. Nc4 Rc3 46. Nd6 Bf3+ 47. Kf2 Bc6 48. Nf5 {The position is equal.} Rh3 49. Ng3 Rh4 50. Ne2 Rh2+ 51. Ke3 Rh3+ 52. Kf4 Rf3+ 53. Kg4 Rf1 {...Bf3+ is the strong threat.} 54. Kg3 Rf3+ 55. Kg4 Rf2 56. Nf4 Rf1 57. Kg3 Rf3+ 58. Kg4 Re3 {aiming for ...Bd7+.} 59. Ng6 Bf3+ 60. Kf4 Rc3 61. Nf8+ Kg8 62. Ng6 Kh7 63. Nf8+ {Accuracy: White = 67%, Black = 44%.} 1/2-1/2

[Event "RUS-chT Premier 2019"]
[Site "Sochi"]
[Date "2019.05.03"]
[Round "3.14"]
[White "Dominguez Perez, Leinier"]
[Black "Nozdrachev, Vladislav"]
[Result "1-0"]
[WhiteElo "2750"]
[BlackElo "2489"]
[Annotator "TA"]
[PlyCount "96"]
[EventDate "2019.05.01"]
[EventType "team-tourn"]
[EventCountry "RUS"]
[SourceTitle "playchess.com"]
[Source "ChessBase"]
[SourceQuality "1"]

{[%evp 20,96,27,4,25,21,26,28,26,15,41,36,48,11,17,17,9,0,16,16,58,43,39,0,112,118,117,111,164,173,195,189,179,164,196,196,195,196,193,193,193,193,193,193,193,193,192,192,192,192,191,185,191,191,193,193,193,193,193,193,202,186,193,185,192,183,193,192,194,179,214,214,214,200,208,200,260,203,301]} 1. e4 e5 2. Nf3 Nc6 3. Bb5 a6 4. Ba4 Nf6 5. O-O Be7 6. Re1 b5 7. Bb3 O-O 8. a4 b4 9. a5 d6 10. c3 Rb8 11. Bc4 {[#]} Nxe4 $1 {[%mdl 512] Strongly threatening ...d5. C90: Closed Ruy Lopez with 7...d6: Early deviations} (11... Bb7 12. d4 bxc3 13. Nxc3 exd4 14. Nxd4 Ne5 15. Bf1 Re8 16. f4 Ned7 17. g3 Bf8 18. Bg2 g6 19. Nb3 Ba8 {0-1 (34) Bernadskiy,V (2547)-Ponomariov,R (2663) Kiev 2018}) 12. Bd5 $1 {[%cal Rd5c6][%mdl 64] [#] Double Attack} (12. Rxe4 d5) 12... Nxf2 $1 {[%mdl 512]} 13. Kxf2 Nxa5 $1 {White has an edge.} 14. cxb4 $1 Rxb4 {...c6 is the strong threat.} 15. d4 {Black must now prevent Bd2.} c6 16. Ba2 (16. Bd2 $5 {[%cal Rd2b4]} cxd5 17. Bxb4 $16) 16... exd4 $1 17. Kg1 {With the idea Bd2.} d5 18. Na3 {[%cal Bb1a3,Ba3c2,Bc2d4,Bd4e2,Be2f4,Bf4e6][%mdl 32]} Bf6 $146 ({Predecessor:} 18... c5 19. Bd2 {½-½ (38) Lovakovic,F (2104)-Slamenik,J (2112) LSS email 2010}) 19. Nc2 $1 {[%csl LRb4,LRd4]} Rb6 20. Ncxd4 (20. b4 $5 {[%cal Rb4a5]} Nb7 21. Nfxd4 $14 (21. Ncxd4 Rxb4 22. Ba3 Rxd4 $14)) 20... c5 21. Ne2 {Threatens to win with Nf4.} (21. Qd2 $5 {[%cal Rd2a5]}) 21... Be6 (21... c4 $1 $11) 22. Nf4 $36 {[%cal Rf4d5][%mdl 2048] White has strong initiative.} c4 23. Qd2 Nb3 (23... Rb5 $16 {keeps fighting.}) 24. Bxb3 $1 $18 Rxb3 25. Rxa6 c3 26. bxc3 Qc8 27. Nxe6 Bxc3 28. Qxd5 ({Weaker is} 28. Nxf8 Bxd2 29. Nxd2 Qxa6 $11) 28... Bxe1 29. Qxb3 Qxc1 30. Qa3 Qxa3 31. Rxa3 Bb4 32. Ra4 Rb8 33. Ned4 g6 34. Kf1 {Hoping for Nc6.} Bc5 35. Ra2 Rb4 36. Nc6 Rb1+ 37. Ke2 Kg7 38. Nce5 Rb7 39. Kd3 Ra7 40. Rc2 Be7 41. Ke4 Ra4+ 42. Nc4 Ra1 43. Rb2 Ra7 44. Nfe5 Ra1 45. Rb7 Kf8 46. Nc6 Re1+ 47. Kf3 Bg5 48. Nd6 Re3+ {Accuracy: White = 66%, Black = 49%.} (48... f5 $142 49. Nd4 Be7) 1-0

[Event "RUS-chT Premier 2019"]
[Site "Sochi"]
[Date "2019.05.03"]
[Round "3.15"]
[White "Geller, Jakov"]
[Black "Rodshtein, Maxim"]
[Result "1-0"]
[WhiteElo "2518"]
[BlackElo "2699"]
[Annotator "TA"]
[PlyCount "73"]
[EventDate "2019.05.01"]
[EventType "team-tourn"]
[EventCountry "RUS"]
[SourceTitle "playchess.com"]
[Source "ChessBase"]
[SourceQuality "1"]

{[%evp 10,73,19,17,19,18,21,17,31,20,29,35,33,41,34,41,34,34,41,38,44,40,45,39,41,39,44,33,45,0,39,20,18,10,21,8,61,52,70,62,137,129,114,104,125,115,159,131,88,0,0,0,0,0,155,114,750,729,750,742,29991,29992,29992,29992,29992,29990]} 1. e4 c5 2. Nf3 d6 3. Bb5+ Nd7 4. c3 Ngf6 5. Qe2 a6 6. Ba4 g6 {B51: Sicilian: Moscow Variation (3 Bb5+) without 3...Bd7} (6... b5 7. Bc2 Bb7 8. d4 g6 9. O-O Bg7 10. e5 dxe5 11. dxe5 Bxf3 12. gxf3 Nd5 13. e6 N7f6 14. c4 bxc4 15. exf7+ Kxf7 {0-1 (31) Mamedov,R (2701)-Nepomniachtchi,I (2771) Astana 2019}) 7. O-O Bg7 8. d4 cxd4 {The position is equal.} 9. cxd4 O-O 10. Bb3 e5 $146 ({Predecessor:} 10... Nb6 11. Nc3 Bg4 12. h3 Bxf3 13. Qxf3 Nbd7 14. Be3 {1-0 (73) Duppel,M (2315)-Langheinrich,F (2215) Crailsheim 1998}) 11. dxe5 dxe5 12. Rd1 Qe7 13. Nc3 Nc5 14. Bd5 Bd7 15. Bg5 Rab8 16. Bc4 {Black must now prevent Nd5.} Bc6 17. Nd5 Bxd5 $1 18. Rxd5 b5 19. Bb3 Qa7 20. Bxf6 Bxf6 21. Qe3 $36 {[%mdl 2048] White has good play.} Rbc8 $1 22. Nxe5 Qe7 (22... Bxe5 $11 23. Rxe5 Qc7) 23. Nxf7 $14 {Hoping for Nd6.} Nxb3 24. Nh6+ Kh8 (24... Kg7 $1 $14 25. axb3 Rfd8) 25. axb3 $16 {[%mdl 64] Discovered Attack} Bxb2 26. Rad1 Bg7 27. Rd7 Qe6 28. R1d6 Qe5 29. g3 (29. Ng4 $16 Qa1+ 30. Rd1) 29... Rc3 $11 30. Qd2 {aiming for Nf7+.} Rcf3 31. Ng4 Qa1+ $2 {[#]} (31... Qxe4 $11 32. Rxg7 Kxg7 33. Qb2+ Kf7 34. Nh6+ Ke7) 32. Kg2 $1 $16 {Strongly threatening e5!} Rxb3 $2 {[%mdl 8192] [#]} (32... h5 $16) 33. e5 $1 $18 {[%mdl 512] Threatening mate with Rxg7.} Rb2 (33... Bxe5 34. Rxg6) 34. Qe3 {And now Rxg7! would win.} Rg8 35. Rxg7 {White mates.} Rxg7 36. Rd8+ Rg8 {[#]} 37. Qb6 {Played: Qe3-g5} 1-0

[Event "RUS-chT Premier 2019"]
[Site "Sochi"]
[Date "2019.05.03"]
[Round "3.16"]
[White "Najer, Evgeniy"]
[Black "Chernobay, Artem"]
[Result "1/2-1/2"]
[WhiteElo "2674"]
[BlackElo "2503"]
[Annotator "TA RC"]
[PlyCount "98"]
[EventDate "2019.05.01"]
[EventType "team-tourn"]
[EventCountry "RUS"]
[SourceTitle "playchess.com"]
[Source "ChessBase"]
[SourceQuality "1"]

{[%evp 24,98,46,51,56,0,30,0,11,6,6,2,17,21,13,-25,-10,-31,-24,-27,-31,-36,-27,-40,-40,-30,-17,-22,-27,-19,-28,-29,-26,-45,-8,-8,-8,-8,-8,-8,-8,-8,-8,-8,-8,-8,-8,-8,-8,-16,0,0,0,-12,0,0,0,0,0,-1,-2,-3,-3,-3,-5,-4,0,0,0,0,0,0,0,0,0,0,0]} 1. d4 Nf6 2. c4 g6 3. Nc3 Bg7 4. e4 d6 5. Be2 O-O 6. Be3 c5 7. d5 e6 8. Nf3 exd5 9. cxd5 Bg4 10. Nd2 Bxe2 11. Qxe2 Re8 12. O-O a6 13. a4 Nbd7 {A75: Modern Benoni: Classical: 9...a6 10 a4 Bg4} 14. Bf4 (14. Kh1 $14) (14. h3 Rc8 15. a5 Qc7 {1-0 (30) Riazantsev,A (2666)-Yuffa,D (2527) Cheliabinsk 2017}) 14... Ne5 15. a5 $146 ({Predecessor:} 15. h3 Nfd7 16. Bg3 g5 17. Nd1 Ng6 18. Bxd6 Nf6 19. Bxc5 Qxd5 20. exd5 Rxe2 21. Nf3 Nxd5 22. Nxg5 {0-1 (57) Vala,F (2058)-Cerveny,M (2394) Policka 2015}) 15... Nh5 16. Be3 Qh4 17. g3 Qh3 {[#] And now ...Ng4 would win.} 18. f3 f5 19. Rab1 Rab8 20. Qg2 Qxg2+ 21. Kxg2 b5 22. axb6 $1 Rxb6 23. Rfd1 Reb8 24. b3 Nxf3 25. Kxf3 Bxc3 26. Nc4 $1 fxe4+ 27. Kxe4 Rb4 28. Kf3 Bg7 29. Nxd6 {The position is equal.} Rxb3 30. Rxb3 Rxb3 31. Nc4 $1 {Strongly threatening d6.} Rc3 32. d6 Nf6 {Threatening ...Nd7.} 33. d7 Nxd7 $1 34. Rxd7 {[#] Black must now prevent Nb6.} Rxc4 $11 {[%mdl 4096] Endgame KRB-KRB} 35. Rd8+ Kf7 36. Rd7+ Kf6 37. g4 {aiming for g5+.} Bf8 38. Ra7 Ra4 39. Rxh7 Bd6 40. h4 c4 41. Ke4 {Threatening mate with Kd5.} Ke6 42. Rh6 c3+ 43. Kd3 $1 Rxg4 {...Bf8 is the strong threat.} 44. h5 Be5 45. Rxg6+ Rxg6 46. hxg6 Kf6 47. Bb6 Kxg6 48. Ba5 Kf5 49. Bxc3 Bxc3 {Accuracy: White = 60%, Black = 58%.} 1/2-1/2

[Event "RUS-chT Premier 2019"]
[Site "Sochi"]
[Date "2019.05.03"]
[Round "3.17"]
[White "Ofitserian, Boris"]
[Black "Ponkratov, Pavel"]
[Result "0-1"]
[WhiteElo "2413"]
[BlackElo "2640"]
[Annotator "TA"]
[PlyCount "56"]
[EventDate "2019.05.01"]
[EventType "team-tourn"]
[EventCountry "RUS"]
[SourceTitle "playchess.com"]
[Source "ChessBase"]
[SourceQuality "1"]

{[%evp 16,56,-39,-43,-45,-70,-20,-63,-55,-63,-71,-58,-60,-120,-115,-114,-111,-108,-105,-118,-121,-119,-119,-304,-307,-293,-270,-343,-335,-333,-315,-340,-318,-348,-341,-474,-501,-486,-460,-493,-451,-924,-908]} 1. Nf3 Nf6 2. b3 g6 3. Bb2 Bg7 4. d4 O-O 5. g3 c5 6. Bg2 cxd4 7. O-O d5 8. Bxd4 Nc6 9. Bb2 Qc7 {A05: Réti Opening: 1 Nf3 Nf6} 10. Na3 (10. e3 e5 11. c4 dxc4 12. bxc4 Rd8 13. Qe2 Bf5 14. Rc1 Bd3 15. Qe1 Qb6 16. Ba3 e4 17. Nfd2 Bxb1 18. Raxb1 {0-1 (46) Pohjala,H (2399)-Kulaots,K (2556) Tallinn 2015}) 10... e5 11. c4 Rd8 $146 {Black is slightly better.} ({Predecessor:} 11... d4 12. Nb5 Qb6 13. Nxe5 Nxe5 14. Bxd4 Qe6 15. Nc7 Qe7 16. Nxa8 Nc6 17. Bxc6 bxc6 {0-1 (27) Saravanen,R-Engsner,J (2240) Stockholm 1993}) 12. cxd5 Nxd5 13. Qc1 e4 14. Nd2 {[#]} (14. Ng5 $15) 14... f5 $1 $17 15. Ndc4 Be6 16. Nb5 Qe7 17. Rd1 Rac8 18. Bxg7 Qxg7 19. Qa3 $2 (19. Ne3 $17 {was called for.}) 19... a6 $19 20. Nbd6 Nc3 {[%mdl 64] Double Attack} 21. Re1 {[#]} Nxe2+ $1 {[%mdl 512]} 22. Kf1 (22. Rxe2 Qxa1+) 22... Rc7 23. Kxe2 {[#]} Nd4+ $1 {[%cal Bc6d4,Bd4c2,Bc2a1,Ba1c2][%mdl 32]} ({Less strong is} 23... b5 24. Ne3 $17) 24. Kf1 Nc2 $1 {[%csl LRa1,LRa3,LRe1]} 25. Qa5 Nxa1 {Black is clearly winning.} 26. Nxb7 Bxc4+ 27. bxc4 Rdd7 28. c5 (28. Nc5 $142 Qe5 29. Nb3 Qxa5 30. Nxa5) 28... Nc2 {Accuracy: White = 31%, Black = 88%.} 0-1

[Event "RUS-chT Premier 2019"]
[Site "Sochi"]
[Date "2019.05.03"]
[Round "3.18"]
[White "Goganov, Aleksey"]
[Black "Nozdrachev, Leonid"]
[Result "1/2-1/2"]
[WhiteElo "2570"]
[BlackElo "2367"]
[Annotator "ChessBase"]
[PlyCount "100"]
[EventDate "2019.05.01"]
[EventType "team-tourn"]
[EventCountry "RUS"]
[SourceTitle "playchess.com"]
[Source "ChessBase"]
[SourceQuality "1"]
[TimeControl "40/5400+30:1800+30"]

1. d4 {[%emt 0:00:00]} Nf6 {[%emt 0:00:00]} 2. c4 {[%emt 0:00:00]} e6 {[%emt 0:00:00]} 3. Nf3 {[%emt 0:00:00]} d5 {[%emt 0:00:00]} 4. g3 {[%emt 0:01:14]} dxc4 {[%emt 0:00:13]} 5. Bg2 {[%emt 0:00:07]} Bd7 {[%emt 0:00:43]} 6. Ne5 {[%emt 0:03:49]} Bc6 {[%emt 0:00:18]} 7. Nxc6 {[%emt 0:03:00]} Nxc6 {[%emt 0:00:06]} 8. e3 {[%emt 0:06:59]} Qd7 {[%emt 0:00:51]} 9. O-O {[%emt 0:03:23]} O-O-O {[%emt 0:04:42]} 10. Qa4 {[%emt 0:13:16]} Nd5 {[%emt 0:04:46]} 11. Qxc4 {[%emt 0:01:29]} h5 {[%emt 0:01:45]} 12. Nd2 {[%emt 0:09:58]} h4 {[%emt 0:03:53]} 13. Nf3 {[%emt 0:02:44]} hxg3 {[%emt 0:05:51]} 14. hxg3 {[%emt 0:00:11]} f5 {[%emt 0:02:18]} 15. Bd2 {[%emt 0:02:23]} Rh5 {[%emt 0:09:58]} 16. b4 {[%emt 0:06:18]} Bd6 {[%emt 0:04:37]} 17. b5 {[%emt 0:00:42]} Nce7 {[%emt 0:02:14]} 18. Rfe1 {[%emt 0:08:08]} Nf6 {[%emt 0:06:25]} 19. Bb4 {[%emt 0:04:52]} Ng6 {[%emt 0:10:38]} 20. Bxd6 {[%emt 0:00:37]} Qxd6 {[%emt 0:00:13]} 21. Qc5 {[%emt 0:04:50]} Qxc5 {[%emt 0:08:44]} 22. dxc5 {[%emt 0:01:13]} e5 {[%emt 0:09:11]} 23. Red1 {[%emt 0:06:21]} Ne4 {[%emt 0:01:34]} 24. Rxd8+ {[%emt 0:00:49]} Kxd8 {[%emt 0:05:08]} 25. Rc1 b6 {[%emt 0:00:21]} 26. cxb6 {[%emt 0:01:06]} axb6 {[%emt 0:02:39]} 27. a4 {[%emt 0:09:22]} Nd6 {[%emt 0:01:38]} 28. Kf1 {[%emt 0:00:20]} Kd7 {[%emt 0:00:30]} 29. Nd2 {[%emt 0:00:30]} e4 {[%emt 0:01:49]} 30. g4 {[%emt 0:00:24]} fxg4 {[%emt 0:01:52]} 31. Nxe4 {[%emt 0:00:06]} Ne5 {[%emt 0:04:24]} 32. Nxd6 {[%emt 0:00:07]} Kxd6 {[%emt 0:00:48]} 33. Rd1+ {[%emt 0:00:21]} Kc5 {[%emt 0:02:21]} 34. Rd4 {[%emt 0:01:49]} Nf3 {[%emt 0:05:13]} 35. Rf4 {[%emt 0:03:03]} g5 {[%emt 0:00:03]} 36. Rf5+ {[%emt 0:00:39]} Kb4 {[%emt 0:00:25]} 37. Bxf3 {[%emt 0:02:21]} gxf3 {[%emt 0:00:03]} 38. Rxf3 {[%emt 0:00:08]} Kxa4 {[%emt 0:02:10]} 39. Rf5 {[%emt 0:00:27]} Rh1+ {[%emt 0:00:18]} 40. Ke2 {[%emt 0:00:00]} g4 {[%emt 0:00:00]} 41. e4 {[%emt 0:05:53]} Rh3 {[%emt 0:06:03]} 42. Rd5 {[%emt 0:03:22]} Kb4 {[%emt 0:01:54]} 43. e5 {[%emt 0:02:13]} Kc4 {[%emt 0:01:00]} 44. Rd7 {[%emt 0:00:16]} Rh5 {[%emt 0:01:53]} 45. Rxc7+ {[%emt 0:00:11]} Kxb5 {[%emt 0:06:46]} 46. Re7 {[%emt 0:00:32]} Kc6 {[%emt 0:00:35]} 47. Ke3 {[%emt 0:00:56]} Rf5 {[%emt 0:00:28]} 48. e6 {[%emt 0:01:26]} Kd6 {[%emt 0:02:17]} 49. Rb7 {[%emt 0:00:14]} Rf3+ {[%emt 0:00:39]} 50. Ke2 {[%emt 0:00:21]} Kxe6 1/2-1/2

[Event "RUS-chT Premier 2019"]
[Site "Sochi"]
[Date "2019.05.03"]
[Round "3.19"]
[White "Artemiev, Vladislav"]
[Black "Motylev, Alexander"]
[Result "1/2-1/2"]
[WhiteElo "2754"]
[BlackElo "2650"]
[Annotator "TA"]
[PlyCount "91"]
[EventDate "2019.05.01"]
[EventType "team-tourn"]
[EventCountry "RUS"]
[SourceTitle "playchess.com"]
[Source "ChessBase"]
[SourceQuality "1"]

{[%evp 16,91,11,12,8,0,6,-2,8,5,5,5,8,2,6,6,14,-7,11,19,11,19,14,15,20,12,15,6,43,44,40,43,64,18,32,26,34,22,85,86,119,120,138,85,70,67,252,0,0,-102,8,8,11,0,0,0,0,0,0,0,0,0,0,0,0,0,0,0,0,0,0,0,0,0,0,0,0,0]} 1. Nf3 d5 2. g3 Bg4 3. Bg2 c6 4. c4 e6 5. cxd5 Bxf3 6. Bxf3 cxd5 7. O-O Nc6 8. Nc3 Nf6 9. d4 Be7 {A11: English Opening: 1...c6} 10. e3 O-O 11. Bd2 Qd7 (11... Rc8 12. Qe2 Nd7 13. Rfc1 Nb6 14. Be1 Qd7 15. Qd1 a6 {½-½ (29) Gledura,B (2622)-Balogh,C (2629) Hungary 2018}) 12. Qe2 Rfc8 13. Rfd1 Bf8 $146 ({Predecessor:} 13... Ne8 14. Be1 Bf6 15. Rac1 Nd6 {½-½ (40) Blomqvist,E (2525)-Kumsiashvili,N (2403) Riga 2017}) 14. Rac1 a6 15. Qd3 Ne7 16. b3 Nc6 17. Na4 Qd8 18. Nc5 Nd7 19. b4 b6 20. Nxd7 Qxd7 21. e4 b5 22. exd5 exd5 23. a3 $36 {[%mdl 2048] White fights for an advantage.} Nd8 24. Re1 (24. Rc5 $5 Bxc5 25. dxc5 $14) 24... Ne6 25. Rxc8 Rxc8 26. Re5 Bd6 (26... Nc7 $1 $11 {remains equal.}) 27. Rxd5 $16 g6 28. h4 h5 29. Bxh5 (29. a4 $142) 29... gxh5 30. Rxh5 f6 $2 (30... Nf8 $1 $14) 31. Rh6 $2 ({Weaker is} 31. Qg6+ Ng7 $16) (31. Qf5 $18 Rd8 32. Qxf6) 31... Bf8 $1 $11 {[%cal Rf8h6]} 32. Rg6+ {[#]} (32. Rxf6 $11 {keeps the balance.} Bg7 33. Rg6) 32... Bg7 (32... Kf7 $1 $17 33. Bg5 Bg7) 33. Qf5 {The position is equal.} Re8 $1 34. h5 Qxd4 35. Bh6 $1 {[%cal Rh6g7] And now Bxg7 would win.} Kf7 $1 {[#]} 36. Rxg7+ $1 {[%mdl 576] Decoy} Nxg7 37. Qg6+ {[%mdl 64] Double Attack} Ke6 {...Qd1+ is the strong threat.} 38. Bxg7 {[%mdl 4096] Endgame KQR-KQB} Rd8 39. h6 {Black must now prevent h7.} Qd1+ $1 40. Kg2 Qd5+ 41. f3 $1 Qe5 42. Kh3 {Hoping for h7.} Qa1 43. Qe4+ Kf7 $1 {aiming for ...Rd4.} 44. Qb7+ Kg6 {( -> ...Qh1+)} 45. Qe4+ Kf7 {Threatens to win with ...Rd4.} 46. Qb7+ {Accuracy: White = 66%, Black = 49%.} 1/2-1/2

[Event "RUS-chT Premier 2019"]
[Site "Sochi"]
[Date "2019.05.03"]
[Round "3.20"]
[White "Lysyj, Igor"]
[Black "Kamsky, Gata"]
[Result "0-1"]
[WhiteElo "2642"]
[BlackElo "2664"]
[Annotator "TA"]
[PlyCount "64"]
[EventDate "2019.05.01"]
[EventType "team-tourn"]
[EventCountry "RUS"]
[SourceTitle "playchess.com"]
[Source "ChessBase"]
[SourceQuality "1"]

{[%evp 16,64,27,39,35,33,60,37,45,46,50,56,50,0,0,0,0,-2,0,0,8,0,0,0,0,-45,-27,-32,0,0,0,0,0,0,0,0,42,20,64,-6,4,-523,-507,-555,-545,-613,-562,-968,-937,-2432,-2257]} 1. d4 Nf6 2. c4 e6 3. Nc3 Bb4 4. Qc2 c5 5. dxc5 Qc7 6. a3 Bxc5 7. b4 Be7 8. Nb5 Qc6 9. Nf3 {Strongly threatening Nfd4.} d6 {E38: Nimzo-Indian: Classical: 4...c5} 10. e4 Bd7 $146 ({Predecessor:} 10... a6 11. Nc3 Qc7 12. Bf4 e5 13. Bg5 Be6 14. Rc1 Nbd7 15. Qb1 O-O 16. Nd5 Bxd5 17. cxd5 {1-0 (77) Kortschnoj,V (2632)-Akopian,V (2703) Enghien les Bains 2003}) 11. e5 dxe5 {White is slightly better.} 12. Nxe5 Qc8 {Hoping for ...Bxb5.} 13. Nxd7 Nbxd7 14. Bf4 e5 15. Be3 a5 16. Rb1 axb4 17. axb4 Qc6 $1 18. f3 Nd5 {[%mdl 64] Pin} 19. Bd2 Nf4 20. Qb3 O-O 21. g3 Ne6 22. Be2 $1 e4 $36 {[%mdl 2048] Black has some pressure.} 23. O-O Rfd8 {...Ne5 is the strong threat.} 24. Bc3 Nf6 {[%cal Bd7f6,Bf6d5,Bd5b4][%mdl 32]} 25. Rbe1 Rac8 {Black wants to play ...exf3.} 26. f4 h5 27. c5 ({Better is} 27. f5 $14 Nc7 28. Nd4) 27... Nd5 28. Bb2 $2 {[%mdl 8192] [#]} (28. f5 $11 {and White is okay.} Nxc5 29. bxc5 Nxc3 30. Qxc3) 28... Nxb4 $1 $19 {[%mdl 512] Black is clearly winning.} 29. f5 (29. Qxb4 Bxc5+) 29... Bxc5+ 30. Kh1 Ng5 {Threatens to win with ...e3+.} 31. h4 {[#]} Rd3 $1 32. Qc4 (32. Bxd3 exd3+) 32... Rxg3 {Accuracy: White = 40%, Black = 72%.} 0-1

[Event "RUS-chT Premier 2019"]
[Site "Sochi"]
[Date "2019.05.03"]
[Round "3.21"]
[White "Timofeev, Artyom"]
[Black "Sarana, Alexey"]
[Result "1/2-1/2"]
[WhiteElo "2602"]
[BlackElo "2636"]
[Annotator "TA"]
[PlyCount "89"]
[EventDate "2019.05.01"]
[EventType "team-tourn"]
[EventCountry "RUS"]
[SourceTitle "playchess.com"]
[Source "ChessBase"]
[SourceQuality "1"]

{[%evp 15,89,-14,11,-8,17,0,0,0,0,0,0,0,0,0,0,0,0,0,0,-4,0,0,0,0,0,0,0,0,0,0,0,0,0,-5,0,-6,0,-8,-5,-5,-5,-5,-5,-5,-5,-5,-5,-5,-5,-5,-5,-5,-5,-5,0,0,0,0,0,0,0,0,0,0,0,0,0,0,0,0,0,0,0,0,0,0]} 1. e4 c5 2. Nf3 d6 3. g3 Nf6 4. d3 g6 5. Bg2 Bg7 6. O-O O-O 7. Nc3 Nc6 8. h3 e5 {The position is equal.} 9. a4 {B25: Closed Sicilian: 3 g3, lines without early Be3} (9. Be3 Nd4 10. Nh4 Be6 11. Nd5 Nxd5 12. exd5 Bd7 13. c3 Nf5 14. Nxf5 Bxf5 15. Qd2 Bd7 16. f4 f5 17. fxe5 Bxe5 {½-½ (51) Krapivin,A (2431)-Vorotnikov,V (2476) Moscow 2016}) 9... Nd4 10. Nb5 $146 ({Predecessor:} 10. Nxd4 cxd4 11. Ne2 Be6 12. f4 Qd7 13. g4 exf4 14. Bxf4 h5 15. g5 Ne8 {½-½ (37) Centgraf,J (2296)-Rosta,S (2137) Hungary 2011}) 10... Nxb5 11. axb5 Bd7 12. c4 $1 a6 13. bxa6 Qb6 14. b4 Qxb4 15. Bd2 Qb6 16. axb7 Qxb7 17. Qc2 Bc6 18. Bc3 Nd7 19. Rfb1 Rxa1 20. Rxa1 Rb8 21. Nd2 Nf8 22. Rb1 Qc7 23. Rxb8 Qxb8 24. Nf1 Bh6 25. Qb2 Qa8 26. Qa1 Qxa1 27. Bxa1 Ne6 28. Ne3 Nd4 29. Bxd4 cxd4 $11 {[%mdl 4096] Endgame KBB-KBN} 30. Nd5 {[#] aiming for Ne7+.} Bg5 31. h4 Bd8 32. Bh3 Kg7 33. Kf1 h5 34. Ke2 f6 35. Be6 Be8 36. f4 Bc6 37. Nb4 Ba4 38. f5 g5 39. Bc8 Ba5 40. Nd5 g4 41. Ba6 {Strongly threatening Bb5.} Bc6 42. Ne7 Be8 43. Bb5 Bf7 44. Nd5 Bxd5 45. cxd5 {Accuracy: White = 80%, Black = 66%.} 1/2-1/2